Young Adult Books: A Word Too Many Quiz Stats

 Plays Quiz Updated Jun 12, 2019

Score 0/16 Timer 02:00
7 Plays Today
Question Answer Wrong Answers
What's the extra word?

Suzanne Collins (2008)
Olympic
94%
The
0.3%
Hunger
0.7%
Games
0.5%
What's the extra word?

Yann Martel (2001)
Squared
93.5%
Life
0.6%
Of
0.6%
Pi
0.9%
What's the extra word?

Katherine Paterson (1977)
Golden
90.7%
Bridge
0.8%
To
1.3%
Terabithia
2.6%
What's the extra word?

Sara Shepard (2006)
Three
90.6%
Pretty
2.2%
Little
1.7%
Liars
0.7%
What's the extra word?

Jay Asher (2007)
She's
90.6%
Thirteen
1.2%
Reasons
1.8%
Why
1.7%
What's the extra word?

Meg Cabot (2000)
Little
89.6%
The
1.1%
Princess
0.8%
Diaries
3.9%
What's the extra word?

Shel Silverstein (1964)
House
86.3%
The
1.1%
Giving
6%
Tree
2%
What's the extra word?

Ernest Cline (2011)
Best
85.6%
Ready
4.6%
Player
1.6%
One
3.3%
What's the extra word?

Markus Zusak (2005)
Time
84.6%
The
1.1%
Book
8.8%
Thief
1.2%
What's the extra word?

Beatrice Sparks as Anonymous (1971)
Wonderland
80%
Go
4.6%
Ask
8.3%
Alice
2.2%
What's the extra word?

John Green (2005)
Treasure
68.9%
Looking
1.4%
For
1%
Alaska
24%
What's the extra word?

Lauren Oliver (2010)
Jump
67.2%
Before
2.5%
I
13.7%
Fall
11.4%
What's the extra word?

Sarah Dessen (1998)
Me
63.3%
Someone
4.8%
Like
1.7%
You
25.1%
What's the extra word?

Lois Lowry (1989)
Count
42.2%
Number
46.4%
The
2.1%
Stars
4.5%
What's the extra word?

Gene Luen Yang (2006)
First
37.4%
American
16.7%
Born
7.4%
Chinese
33.4%
What's the extra word?

Sharon Creech (1994)
Between
25.1%
Walk
47.7%
Two
18.8%
Moons
3.6%

You're not logged in!

Compare scores with friends on all Sporcle quizzes.
OR
Log In

Sporcle TV

Today on Sporcle TV


Watch our educational content, quiz creation guides, and fun videos on Sporcle TV.

Show Comments

Extras

Top Quizzes Today


Score Distribution

Your Account Isn't Verified!

In order to create a playlist on Sporcle, you need to verify the email address you used during registration. Go to your Sporcle Settings to finish the process.

Report this User

Report this user for behavior that violates our Community Guidelines.

Details: